Thực tập sinh lí động vật Chương trình y khoa, nha khoa, khoa học
Na minha lista:
| Autor principal: | |
|---|---|
| Formato: | Livro |
| Idioma: | Undetermined |
| Publicado em: |
Sài Gòn
Trung tâm học liệu
1972
|
| Assuntos: | |
| Tags: |
Adicionar Tag
Sem tags, seja o primeiro a adicionar uma tag!
|
| Thư viện lưu trữ: | Trung tâm Học liệu Trường Đại học Cần Thơ |
|---|
| LEADER | 00555nam a2200181Ia 4500 | ||
|---|---|---|---|
| 001 | CTU_8994 | ||
| 008 | 210402s9999 xx 000 0 und d | ||
| 082 | |a 590.1 | ||
| 082 | |b V600 | ||
| 100 | |a Trần Vỹ | ||
| 245 | 0 | |a Thực tập sinh lí động vật | |
| 245 | 0 | |b Chương trình y khoa, nha khoa, khoa học | |
| 245 | 0 | |c Trần Vỹ, Lê Sỹ Quang | |
| 260 | |a Sài Gòn | ||
| 260 | |b Trung tâm học liệu | ||
| 260 | |c 1972 | ||
| 650 | |a physiology,zoology | ||
| 980 | |a Trung tâm Học liệu Trường Đại học Cần Thơ | ||